000 00433nam a2200181Ia 4500
001 12855
005 20260306163011.0
008 260306t2000||||xx |||||||||||||| ||spa||
041 _aESP
082 _aRD 370.1503
_bD73
100 _aCanda Moreno, Fernando
_eAUT
245 0 _aDiccionario de psicopedagogĂ­a
260 _c2000
300 _a376 páginas :
_ccm.
650 _aGEN
654 _aCED
942 _cDIC
_dJUS
_fJUS
_2ddc
_n
999 _c12855
_d12855